Cesar Chavez : (Record no. 5889)
[ view plain ]
| 000 -LEADER | |
|---|---|
| fixed length control field | 00954nam a22003017a 4500 |
| 001 - CONTROL NUMBER | |
| control field | 5889 |
| 003 - CONTROL NUMBER IDENTIFIER | |
| control field | FISKH |
| 005 - DATE AND TIME OF LATEST TRANSACTION | |
| control field | 20250130115112.0 |
| 008 - FIXED-LENGTH DATA ELEMENTS--GENERAL INFORMATION | |
| fixed length control field | 250130b cb ||||| |||| 00| 0 eng d |
| 020 ## - INTERNATIONAL STANDARD BOOK NUMBER | |
| International Standard Book Number | 9780531212103 |
| 040 ## - CATALOGING SOURCE | |
| Original cataloging agency | FISKH |
| Language of cataloging | eng |
| Transcribing agency | FISKH |
| Modifying agency | FISKH |
| 050 ## - LIBRARY OF CONGRESS CALL NUMBER | |
| Classification number | HD6509.C48 G74 |
| 082 ## - DEWEY DECIMAL CLASSIFICATION NUMBER | |
| Classification number | 331.88 |
| 100 ## - MAIN ENTRY--PERSONAL NAME | |
| Personal name | Gregory, Josh |
| Dates associated with a name | (1992-) |
| 245 ## - TITLE STATEMENT | |
| Title | Cesar Chavez : |
| Remainder of title | Chavez inspired about 17 million people to boycott grapes in the 1960s / |
| Statement of responsibility, etc. | Josh Gregory |
| 250 ## - EDITION STATEMENT | |
| Edition statement | This edition published in 2015 |
| 260 ## - PUBLICATION, DISTRIBUTION, ETC. | |
| Place of publication, distribution, etc. | New York : |
| Name of publisher, distributor, etc. | Scholastic, |
| Date of publication, distribution, etc. | 2015. |
| 300 ## - PHYSICAL DESCRIPTION | |
| Extent | 48 pages : |
| Other physical details | color illustrations ; |
| Dimensions | 22 cm |
| 490 ## - SERIES STATEMENT | |
| Series statement | A true book |
| 505 ## - FORMATTED CONTENTS NOTE | |
| Formatted contents note | Z<br/> |
| 520 ## - SUMMARY, ETC. | |
| Summary, etc. | See how Cesar Chavez helped improve working conditions and payment for farmworkers in the 1960s. |
| 521 8# - TARGET AUDIENCE NOTE | |
| Target audience note | 930<br/> |
| Source | Lexile<br/> |
| 521 8# - TARGET AUDIENCE NOTE | |
| Target audience note | Z<br/> |
| Source | Raz-Plus<br/> |
| 650 ## - SUBJECT ADDED ENTRY--TOPICAL TERM | |
| Source of heading or term | Biography |
| Topical term or geographic name entry element | At school |
| 650 ## - SUBJECT ADDED ENTRY--TOPICAL TERM | |
| Source of heading or term | History |
| Topical term or geographic name entry element | Informational |
| 942 ## - ADDED ENTRY ELEMENTS (KOHA) | |
| Source of classification or shelving scheme | Dewey Decimal Classification |
| Koha item type | Books |
| Suppress in OPAC | No |
| Withdrawn status | Lost status | Source of classification or shelving scheme | Damaged status | Not for loan | Collection | Home library | Current library | Shelving location | Date acquired | Total Checkouts | Full call number | Barcode | Date last seen | Copy number | Price effective from | Koha item type |
|---|---|---|---|---|---|---|---|---|---|---|---|---|---|---|---|---|
| Dewey Decimal Classification | Non-Fiction | Footprints International School Library Network Toul Kork Campus | Footprints International School Library Network Toul Kork Campus | A TK Campus, 4th Floor, Room B401, Non-Fiction Bookcases(7-8) | 01/30/2025 | GRE 331.88 HD6509.C48 G74 | FISTK05563 | 01/30/2025 | 1 | 01/30/2025 | Books |
